000
00344pab a2200145 454500
008
180718b2017 xxu||||| |||| 00| 0 eng d
100
_a
Dalvie, Suchitra
245
_a
Right to safe abortion
260
_c
2017
300
_a
p.30-32.
362
_a
19 Aug
650
_a
Abortion
773
_a
Economic and Political Weekly
909
_a
115631
999
_c
115625
_d
115625